[Event "Zlin Region-chT 2223"]
[Site "Czech Republic"]
[Date "2023.01.15"]
[Round "6.4"]
[White "Hrtanek, Jiri"]
[Black "Konarik, Filip"]
[Result "1-0"]
[WhiteElo "1970"]
[BlackElo "1512"]
[PlyCount "115"]
[EventDate "2022.10.09"]
[EventType "team-tourn"]
[EventRounds "11"]
[EventCountry "CZE"]
[SourceTitle "EXT 2024"]
[Source "ChessBase"]
[SourceDate "2023.10.10"]
[SourceVersion "1"]
[SourceVersionDate "2023.10.10"]
[SourceQuality "1"]
[WhiteTeam "Francova Lhota Sokol"]
[BlackTeam "Valasske Mezirici"]
[WhiteTeamCountry "CZE"]
[BlackTeamCountry "CZE"]

1. d4 d5 2. Nf3 Nf6 3. Bf4 g6 4. e3 Bg7 5. Be2 0-0 6. 0-0 Nc6 7. c4 e6 8. Nc3 Nh5 9. Bg5 Qd7 10. Rc1 h6 11. Bh4 g5 12. Bg3 Nxg3 13. hxg3 a6 14. a3 dxc4 15. Bxc4 b6 16. Qe2 Bb7 17. Rfd1 Ne7 18. Ba2 Rfd8 19. Bb1 f5 20. Ba2 Kh8 21. Ne1 Bd5 22. Nxd5 exd5 23. Qh5 c6 24. Nd3 Qe8 25. Qe2 a5 26. Bb1 Nc8 27. Qc2 Rd6 28. g4 Qe4 29. gxf5 Qxf5 30. Qe2 Qe6 31. Ne1 Ne7 32. Nf3 Rf8 33. Ne1 Qf6 34. Rc3 Qe6 35. Rdc1 Rf7 36. Qa6 c5 37. Qd3 Bf8 38. dxc5 bxc5 39. Rxc5 Rb6 40. R5c2 Nc6 41. Ba2 Rd7 42. Nf3 g4 43. Nd4 Nxd4 44. exd4 g3 45. Qxg3 Rg7 46. Qf3 Qe7 47. Bxd5 Rbg6 48. g3 Rf6 49. Qg2 h5 50. Rc6 h4 51. Rxf6 Qxf6 52. Qf3 Qd8 53. Kg2 Bd6 54. Rh1 Qg5 55. Be6 Bxg3 56. Qf8+ Kh7 57. Qf5+ Qxf5 58. Bxf5+ 1-0

[Event "Zlin Region-chT 2223"]
[Site "Czech Republic"]
[Date "2022.12.11"]
[Round "5.4"]
[White "Tomek, Josef"]
[Black "Hrtanek, Jiri"]
[Result "1/2-1/2"]
[WhiteElo "1811"]
[BlackElo "1970"]
[PlyCount "87"]
[EventDate "2022.10.09"]
[EventType "team-tourn"]
[EventRounds "11"]
[EventCountry "CZE"]
[SourceTitle "EXT 2024"]
[Source "ChessBase"]
[SourceDate "2023.10.10"]
[SourceVersion "1"]
[SourceVersionDate "2023.10.10"]
[SourceQuality "1"]
[WhiteTeam "Zlin Malenovice"]
[BlackTeam "Francova Lhota Sokol"]
[WhiteTeamCountry "CZE"]
[BlackTeamCountry "CZE"]

1. Nf3 Nf6 2. c4 c6 3. Nc3 d5 4. e3 Bf5 5. Qb3 Qb6 6. Qxb6 axb6 7. cxd5 cxd5 8. d4 Nc6 9. Nh4 Bd7 10. Be2 e6 11. 0-0 Be7 12. Nf3 0-0 13. Bd2 Rfc8 14. Rfc1 Be8 15. Be1 Nd7 16. g3 f6 17. Kf1 Bf7 18. Bb5 e5 19. dxe5 fxe5 20. Rd1 e4 21. Nd4 Bc5 22. Nb3 Nf6 23. Na4 Nd7 24. Rdc1 Be7 25. Bc3 Bd8 26. Nd4 Nc5 27. Nxc5 bxc5 28. Nf5 Na7 29. Be2 Nc6 30. Rd1 Ne7 31. Nd6 Rcb8 32. Be5 Be6 33. Ne8 Rc8 34. Nd6 Ng6 35. Bc3 Rcb8 36. a3 Be7 37. Nb5 Rc8 38. h4 Bf6 39. f3 exf3 40. Bxf3 d4 41. exd4 Bc4+ 42. Be2 cxd4 43. Bxc4+ Rxc4 44. Nxd4 1/2-1/2

[Event "CZE-chT2F 1718"]
[Site "Czech Republic"]
[Date "2018.04.08"]
[Round "11.6"]
[White "Potomak, Vladimir"]
[Black "Hrtanek, Jiri"]
[Result "1/2-1/2"]
[WhiteElo "2154"]
[BlackElo "1970"]
[PlyCount "141"]
[EventDate "2017.10.15"]
[EventType "team-tourn"]
[EventRounds "11"]
[EventCountry "CZE"]
[SourceTitle "EXT 2022"]
[Source "ChessBase"]
[SourceDate "2021.10.06"]
[SourceVersion "1"]
[SourceVersionDate "2021.10.06"]
[SourceQuality "1"]
[WhiteTeam "Poruba Slavoj II"]
[BlackTeam "Orlova Slavia"]
[WhiteTeamCountry "CZE"]
[BlackTeamCountry "CZE"]

1. d4 e6 2. c4 d5 3. Nf3 Nf6 4. Bg5 Be7 5. e3 0-0 6. Nc3 c6 7. Qc2 Nbd7 8. Rd1 Re8 9. a3 a5 10. cxd5 exd5 11. Bd3 Nf8 12. h3 Nh5 13. Bxe7 Qxe7 14. 0-0 Nf6 15. Rfe1 Ne4 16. Nd2 Bf5 17. Na4 Qg5 18. Nf3 Qf6 19. Nc5 b6 20. Na4 Bxh3 21. Ne5 Bf5 22. Qxc6 Qxc6 23. Nxc6 Bd7 24. Nxb6 Bxc6 25. Nxa8 Rxa8 26. Rc1 Bd7 27. f3 Nd6 28. Rc5 Be6 29. e4 dxe4 30. fxe4 a4 31. Rc6 Ne8 32. d5 Bd7 33. Rb6 Ng6 34. e5 Nf4 35. Be4 Rc8 36. g3 Nh3+ 37. Kg2 Ng5 38. e6 fxe6 39. dxe6 Bxe6 40. Rxe6 Nxe6 41. Bf5 Rb8 42. Bxe6+ Kf8 43. Re2 Nd6 44. Bd5 Rb6 45. Kh3 Ne8 46. Rc2 Nd6 47. Rc6 Rxc6 48. Bxc6 Nc4 49. Bxa4 Nxb2 50. Bb5 Nd1 51. Kg4 Ke7 52. Kf4 Kd6 53. Bd3 h6 54. Kf5 Nf2 55. Bc2 Nh1 56. Kf4 Nf2 57. a4 Kc5 58. Bf5 g5+ 59. Kf3 Nd1 60. Bg6 Nc3 61. Be8 h5 62. Bxh5 Nxa4 63. Kg4 Kd6 64. Kxg5 Nc5 65. Bg6 Ke7 66. Kf5 Ne6 67. Ke5 Nf8 68. Bh5 Nd7+ 69. Kf5 Nf6 70. Bg6 Nd5 71. Kg5 1/2-1/2

[Event "CZE-chT2F 1718"]
[Site "Czech Republic"]
[Date "2017.12.03"]
[Round "4.6"]
[White "Hrtanek, Jiri"]
[Black "Podlesny, Pavel"]
[Result "0-1"]
[WhiteElo "1970"]
[BlackElo "2112"]
[PlyCount "96"]
[EventDate "2017.10.15"]
[EventType "team-tourn"]
[EventRounds "11"]
[EventCountry "CZE"]
[SourceTitle "EXT 2022"]
[Source "ChessBase"]
[SourceDate "2021.10.06"]
[SourceVersion "1"]
[SourceVersionDate "2021.10.06"]
[SourceQuality "1"]
[WhiteTeam "Orlova Slavia"]
[BlackTeam "Havirov Banik"]
[WhiteTeamCountry "CZE"]
[BlackTeamCountry "CZE"]

1. d4 d5 2. Nf3 Bf5 3. c4 c6 4. Nc3 e6 5. cxd5 exd5 6. Bf4 Nf6 7. e3 Bb4 8. Bd3 Ne4 9. Bxe4 Bxe4 10. 0-0 Bg6 11. Rc1 Nd7 12. Qb3 Bxc3 13. Rxc3 Nb6 14. a4 a5 15. Nd2 0-0 16. Rfc1 Re8 17. Qd1 h6 18. b3 Re6 19. f3 Bh7 20. Bg3 h5 21. Bf2 Qe7 22. Qf1 g5 23. Qd1 f5 24. Nf1 Nd7 25. Qd2 Kh8 26. Re1 Rg8 27. e4 fxe4 28. fxe4 Bxe4 29. Rce3 Nf6 30. R3e2 Ng4 31. Qxa5 Rf8 32. Qd2 Qg7 33. Be3 Nxe3 34. Rxe3 Ref6 35. Qd1 h4 36. Nd2 Bg6 37. Qg4 Bf5 38. Qd1 g4 39. Re5 g3 40. Re7 Qh6 41. h3 Qf4 42. Kh1 Bxh3 43. Qh5+ Rh6 44. Qe5+ Qxe5 45. R1xe5 Bg4 46. Rg5 Rg8 47. Rge5 Rf8 48. Nf3 Rxf3 0-1

[Event "POL-chT 2nd League"]
[Site "Szklarska Poreba"]
[Date "2017.09.03"]
[Round "2.5"]
[White "Walkusz, Witoslaw"]
[Black "Hrtanek, Jiri"]
[Result "1-0"]
[WhiteElo "2138"]
[BlackElo "1986"]
[PlyCount "51"]
[EventDate "2017.09.02"]
[EventType "team-swiss"]
[EventRounds "9"]
[EventCountry "POL"]
[SourceTitle "CBM 180 Extra"]
[Source "ChessBase"]
[SourceDate "2017.10.06"]
[SourceVersion "1"]
[SourceVersionDate "2017.10.06"]
[SourceQuality "1"]
[WhiteTeam "Czerwionka Leszczyny Skoczek"]
[BlackTeam "Jastrzebie Zdroj Pionier"]
[WhiteTeamCountry "POL"]
[BlackTeamCountry "POL"]

1. e4 c5 2. Nf3 Nc6 3. Bb5 d6 4. Bxc6+ bxc6 5. 0-0 Bg4 6. h3 Bd7 7. Re1 e5 8. c3 g6 9. d4 cxd4 10. cxd4 Bg7 11. dxe5 dxe5 12. Na3 Be6 13. Qa4 Ne7 14. Nc4 Qc7 15. Be3 0-0 16. Bc5 Bxc4 17. Qxc4 Rac8 18. Red1 Rcd8 19. Qb4 Rxd1+ 20. Rxd1 Re8 21. Bd6 Qd7 22. Rd2 Qe6 23. Ng5 Qf6 24. Bxe7 Rxe7 25. Rd8+ Bf8 26. Rxf8+ 1-0

[Event "Karvina op"]
[Site "Karvina"]
[Date "2014.07.03"]
[Round "6"]
[White "Hrtanek, Jiri"]
[Black "Chrostek, Lukas"]
[Result "1-0"]
[WhiteElo "2034"]
[BlackElo "1814"]
[PlyCount "98"]
[EventDate "2014.06.28"]
[EventType "swiss"]
[EventRounds "9"]
[EventCountry "CZE"]
[SourceTitle "CBM 161 Extra"]
[Source "ChessBase"]
[SourceDate "2014.08.29"]
[SourceVersion "1"]
[SourceVersionDate "2014.08.29"]
[SourceQuality "1"]

1. d4 d5 2. Nf3 Nc6 3. Bf4 g6 4. e3 Bg7 5. Nbd2 Nf6 6. Be2 0-0 7. h3 Re8 8. 0-0 Ne4 9. c4 Nxd2 10. Qxd2 dxc4 11. Bxc4 e5 12. Bg5 Qd7 13. d5 Ne7 14. e4 Kh8 15. Bh6 Ng8 16. Bxg7+ Kxg7 17. Qc3 f6 18. Rfd1 Qd6 19. Rac1 Bd7 20. Qb3 Rab8 21. Bb5 Bxb5 22. Qxb5 a6 23. Qa5 Rbc8 24. Rd2 Re7 25. Rdc2 Nh6 26. Qa4 Nf7 27. Qb3 Rb8 28. a3 Qd8 29. Nd2 Nd6 30. f3 Nb5 31. Qe3 Nd4 32. Rc5 c6 33. dxc6 Nxc6 34. Rd5 Rd7 35. Rcc5 Rxd5 36. Rxd5 Qe7 37. Nb3 Rd8 38. Qb6 Rxd5 39. exd5 Nd8 40. d6 Qf7 41. Qxd8 Qxb3 42. Qe7+ Kh6 43. Qxf6 Qxb2 44. Qh4+ Kg7 45. d7 Qc1+ 46. Kh2 g5 47. Qg4 Qd2 48. Qf5 h5 49. Qxe5+ Kh7 1-0

[Event "Karvina op"]
[Site "Karvina"]
[Date "2014.07.02"]
[Round "5"]
[White "Mlynarczyk, Jan"]
[Black "Hrtanek, Jiri"]
[Result "1/2-1/2"]
[WhiteElo "1462"]
[BlackElo "2034"]
[PlyCount "59"]
[EventDate "2014.06.28"]
[EventType "swiss"]
[EventRounds "9"]
[EventCountry "CZE"]
[SourceTitle "CBM 161 Extra"]
[Source "ChessBase"]
[SourceDate "2014.08.29"]
[SourceVersion "1"]
[SourceVersionDate "2014.08.29"]
[SourceQuality "1"]

1. e4 c5 2. Nf3 Nc6 3. d4 cxd4 4. Nxd4 e5 5. Nb5 d6 6. N1c3 a6 7. Na3 b5 8. Nd5 Be7 9. c3 Nf6 10. Nxf6+ Bxf6 11. Bd3 0-0 12. 0-0 Be6 13. Nc2 Ne7 14. Ne3 Bg5 15. Nd5 Bxc1 16. Rxc1 Bxd5 17. exd5 f5 18. c4 bxc4 19. Bxc4 Qb6 20. b3 g6 21. Qd2 Kg7 22. Rfe1 f4 23. Qb2 Nf5 24. Bd3 Nd4 25. Qa3 Rf7 26. Qa4 Kh6 27. Rc6 Nxc6 28. dxc6 Qc5 29. Qc4 Qa7 30. Rc1 1/2-1/2

[Event "CZE-chT2F 1314"]
[Site "Czech Republic"]
[Date "2014.04.06"]
[Round "11.53"]
[White "Kretek, Bretislav"]
[Black "Hrtanek, Jiri"]
[Result "1-0"]
[WhiteElo "2219"]
[BlackElo "2065"]
[PlyCount "87"]
[EventDate "2013.11.03"]
[EventType "team-tourn"]
[EventRounds "11"]
[EventCountry "CZE"]
[SourceTitle "EXT 2016"]
[Source "ChessBase"]
[SourceDate "2015.10.08"]
[SourceVersion "1"]
[SourceVersionDate "2015.10.08"]
[SourceQuality "1"]
[WhiteTeam "Mosty u Jablunkova"]
[BlackTeam "Orlova Slavia II"]
[WhiteTeamCountry "CZE"]
[BlackTeamCountry "CZE"]

1. e4 c5 2. Nf3 Nc6 3. d4 cxd4 4. Nxd4 e5 5. Nb5 d6 6. N1c3 a6 7. Na3 b5 8. Nd5 Be7 9. Be3 Rb8 10. Be2 Nf6 11. Nxf6+ Bxf6 12. c3 0-0 13. 0-0 Be6 14. Qd2 Be7 15. Nc2 a5 16. Na3 b4 17. Nc4 d5 18. exd5 Qxd5 19. Qxd5 Bxd5 20. Rfd1 Rfd8 21. Rd2 f5 22. Bb6 Rd7 23. Rad1 bxc3 24. bxc3 Bxc4 25. Bxc4+ Kf8 26. Rxd7 Rxb6 27. a4 e4 28. Bb5 Ne5 29. R7d5 Bf6 30. c4 Ke7 31. c5 Rb7 32. c6 Rc7 33. h3 g5 34. Kf1 h5 35. g4 hxg4 36. hxg4 fxg4 37. R5d4 Ke6 38. Rxe4 Kf5 39. Re3 Rh7 40. Bd3+ Nxd3 41. Rdxd3 Rc7 42. Rd5+ Kf4 43. Re6 Bc3 44. Rd7 1-0

[Event "CZE-chT2F 1213"]
[Site "Czech Republic"]
[Date "2013.02.17"]
[Round "9.43"]
[White "Sindler, Michal"]
[Black "Hrtanek, Jiri"]
[Result "1-0"]
[WhiteElo "2153"]
[BlackElo "2088"]
[PlyCount "43"]
[EventDate "2012.10.14"]
[EventType "team-tourn"]
[EventRounds "11"]
[EventCountry "CZE"]
[SourceTitle "EXT 2016"]
[Source "ChessBase"]
[SourceDate "2015.10.08"]
[SourceVersion "1"]
[SourceVersionDate "2015.10.08"]
[SourceQuality "1"]
[WhiteTeam "Poruba VOKD"]
[BlackTeam "Orlova Slavia II"]
[WhiteTeamCountry "CZE"]
[BlackTeamCountry "CZE"]

1. e4 c5 2. Nf3 Nc6 3. Bb5 Qb6 4. Nc3 e6 5. 0-0 a6 6. Bxc6 Qxc6 7. d4 cxd4 8. Qxd4 Nf6 9. e5 Bc5 10. Qd3 Ng8 11. Be3 Be7 12. a4 b6 13. Qd4 Bc5 14. Qg4 Ne7 15. Bxc5 bxc5 16. Ne4 0-0 17. Nf6+ Kh8 18. Nxh7 Ng6 19. Nxf8 Nxf8 20. Ng5 Kg8 21. Ra3 Bb7 22. Rg3 1-0

[Event "CZE-chT2F 1213"]
[Site "Czech Republic"]
[Date "2013.01.06"]
[Round "6.55"]
[White "Hrtanek, Jiri"]
[Black "Podlesny, Pavel"]
[Result "0-1"]
[WhiteElo "2088"]
[BlackElo "2068"]
[PlyCount "86"]
[EventDate "2012.10.14"]
[EventType "team-tourn"]
[EventRounds "11"]
[EventCountry "CZE"]
[SourceTitle "EXT 2016"]
[Source "ChessBase"]
[SourceDate "2015.10.08"]
[SourceVersion "1"]
[SourceVersionDate "2015.10.08"]
[SourceQuality "1"]
[WhiteTeam "Orlova Slavia II"]
[BlackTeam "Havirov Banik"]
[WhiteTeamCountry "CZE"]
[BlackTeamCountry "CZE"]

1. a3 d5 2. b4 Bf5 3. Bb2 e6 4. Nf3 Nd7 5. d3 h6 6. Nbd2 Ngf6 7. g3 c5 8. b5 Qc7 9. Bg2 Be7 10. 0-0 0-0 11. c4 d4 12. Qb3 e5 13. a4 Rfe8 14. a5 Rab8 15. a6 b6 16. Qc2 g5 17. Bc1 Bd6 18. Ne4 Nxe4 19. dxe4 Be6 20. Ne1 Nf8 21. Nd3 Ng6 22. Bd2 f6 23. Rac1 Kg7 24. e3 Rh8 25. exd4 exd4 26. f4 Bg4 27. e5 Be7 28. Rce1 Rbf8 29. Be4 f5 30. Bg2 Rhg8 31. h3 Bh5 32. g4 fxg4 33. f5 gxh3 34. Bd5 Nh4 35. f6+ Bxf6 36. Rxf6 Rxf6 37. exf6+ Kxf6 38. Rf1+ Kg7 39. Be1 Re8 40. Bxh4 Re2 41. Rf7+ Qxf7 42. Qxe2 Bxe2 43. Bxf7 Bxd3 0-1

[Event "Orlova op 7th"]
[Site "Orlova"]
[Date "2010.05.27"]
[Round "7"]
[White "Hrtanek, Jiri"]
[Black "Shystarova, Svitlana"]
[Result "1-0"]
[WhiteElo "2077"]
[BlackElo "1944"]
[PlyCount "109"]
[EventDate "2010.05.22"]
[EventType "swiss"]
[EventRounds "7"]
[EventCountry "CZE"]
[SourceTitle "EXT 2012"]
[Source "ChessBase"]
[SourceDate "2011.11.24"]
[SourceVersion "1"]
[SourceVersionDate "2011.11.24"]
[SourceQuality "1"]

1. d4 Nf6 2. Nf3 e6 3. Bf4 c5 4. e3 Nc6 5. c3 d5 6. Nbd2 cxd4 7. exd4 Bd6 8. Bg3 Qc7 9. Bd3 0-0 10. 0-0 e5 11. dxe5 Nxe5 12. Nxe5 Bxe5 13. Re1 Bxg3 14. hxg3 Bg4 15. Qc2 Rfe8 16. Nb3 Re5 17. Nd4 Rae8 18. Qd2 Qe7 19. Rxe5 Qxe5 20. Qf4 Qxf4 21. gxf4 Bd7 22. Rd1 h5 23. f3 Ba4 24. Rd2 Bd7 25. Kf2 Re7 26. Nf5 Bxf5 27. Bxf5 Kf8 28. Bc2 Rc7 29. Bb3 Rd7 30. Ke3 Ke7 31. Kd4 Kd6 32. Re2 Kc6 33. Re5 g6 34. Rg5 Rd6 35. Re5 Rd7 36. g3 a6 37. a4 b6 38. Ba2 Rd8 39. Re7 Rf8 40. Bb3 h4 41. gxh4 Kd6 42. Rb7 Kc6 43. Ra7 a5 44. Ba2 Kd6 45. b4 axb4 46. cxb4 Nd7 47. Bxd5 f6 48. a5 bxa5 49. bxa5 Rb8 50. Rb7 Rh8 51. a6 Rxh4 52. a7 Rh8 53. Rxd7+ Kxd7 54. a8Q Rxa8 55. Bxa8 1-0

[Event "Orlova op 7th"]
[Site "Orlova"]
[Date "2010.05.25"]
[Round "5"]
[White "Hrtanek, Jiri"]
[Black "Ganaus, Hannes"]
[Result "0-1"]
[WhiteElo "2077"]
[BlackElo "2297"]
[PlyCount "118"]
[EventDate "2010.05.22"]
[EventType "swiss"]
[EventRounds "7"]
[EventCountry "CZE"]
[SourceTitle "EXT 2012"]
[Source "ChessBase"]
[SourceDate "2011.11.24"]
[SourceVersion "1"]
[SourceVersionDate "2011.11.24"]
[SourceQuality "1"]

1. d4 d5 2. Nf3 Nf6 3. Bf4 c6 4. c3 Bf5 5. Nbd2 Qb6 6. Qb3 Nh5 7. Qxb6 axb6 8. Bc7 Nd7 9. h3 Nhf6 10. e3 h6 11. Be2 e6 12. 0-0 Be7 13. Ne5 Nxe5 14. Bxe5 0-0 15. f3 b5 16. a3 Bh7 17. Rfe1 Nd7 18. Bg3 Rfe8 19. e4 Nb6 20. Bd3 Nc4 21. Nxc4 bxc4 22. Bc2 Bf6 23. Re2 Rad8 24. Rae1 dxe4 25. Bxe4 Bxe4 26. Rxe4 Rd5 27. Be5 Bd8 28. Bf4 h5 29. Re5 Bf6 30. Rxd5 cxd5 31. Bd6 Rd8 32. Bb4 h4 33. Kf2 Kh7 34. a4 Ra8 35. a5 Bd8 36. Ra1 Ra6 37. Ra3 Kg6 38. Ke3 Kf5 39. b3 cxb3 40. Rxb3 Bxa5 41. Bxa5 Rxa5 42. Rxb7 Kf6 43. Rb2 Ra3 44. Kd3 g5 45. g4 Ra1 46. Rh2 Rg1 47. Ke3 Kg6 48. Kd3 f5 49. Re2 Kf6 50. gxf5 Kxf5 51. Re5+ Kf6 52. Ke2 Rg2+ 53. Kf1 Rh2 54. Kg1 Rxh3 55. Kg2 Rg3+ 56. Kf2 g4 57. fxg4 Rxg4 58. Rh5 Kg6 59. Re5 Re4 0-1

[Event "Orlova op 7th"]
[Site "Orlova"]
[Date "2010.05.24"]
[Round "4"]
[White "Weinzettl, Ernst"]
[Black "Hrtanek, Jiri"]
[Result "1/2-1/2"]
[WhiteElo "2337"]
[BlackElo "2077"]
[PlyCount "40"]
[EventDate "2010.05.22"]
[EventType "swiss"]
[EventRounds "7"]
[EventCountry "CZE"]
[SourceTitle "EXT 2012"]
[Source "ChessBase"]
[SourceDate "2011.11.24"]
[SourceVersion "1"]
[SourceVersionDate "2011.11.24"]
[SourceQuality "1"]

1. e4 c5 2. Nc3 Nc6 3. Bb5 Nd4 4. Nf3 Nxb5 5. Nxb5 a6 6. Nc3 e6 7. d4 c4 8. d5 d6 9. dxe6 Bxe6 10. Ng5 Nf6 11. Qd4 Rc8 12. Bf4 Be7 13. 0-0-0 Rc6 14. Nxe6 fxe6 15. e5 dxe5 16. Qxe5 Qc8 17. Rhe1 0-0 18. Bg3 Bb4 19. a3 Bxc3 20. Qxc3 Nd5 1/2-1/2

[Event "Orlova op 7th"]
[Site "Orlova"]
[Date "2010.05.23"]
[Round "2"]
[White "Trukhanova, Tatiana"]
[Black "Hrtanek, Jiri"]
[Result "0-1"]
[WhiteElo "1250"]
[BlackElo "2077"]
[PlyCount "112"]
[EventDate "2010.05.22"]
[EventType "swiss"]
[EventRounds "7"]
[EventCountry "CZE"]
[SourceTitle "EXT 2012"]
[Source "ChessBase"]
[SourceDate "2011.11.24"]
[SourceVersion "1"]
[SourceVersionDate "2011.11.24"]
[SourceQuality "1"]

1. e4 c5 2. c3 e5 3. Nf3 Nc6 4. d4 cxd4 5. cxd4 exd4 6. Nxd4 Nf6 7. Nxc6 bxc6 8. Qc2 Bb4+ 9. Bd2 Bxd2+ 10. Nxd2 0-0 11. Bd3 Re8 12. 0-0 Rb8 13. Nb3 Qb6 14. h3 Ba6 15. Rfe1 Bxd3 16. Qxd3 a5 17. Rab1 Qb4 18. e5 Nd5 19. Re4 Qb5 20. Qg3 Ne7 21. Rg4 Nf5 22. Qc3 Rxe5 23. Rd1 Rbe8 24. Rc4 a4 25. Nc5 d5 26. Rxa4 d4 27. Qb3 Rxc5 28. Rb4 Qe2 29. Rb7 Rd5 30. Rb8 Rde5 31. Rb7 Qxd1+ 32. Qxd1 Re1+ 33. Qxe1 Rxe1+ 34. Kh2 Kf8 35. g4 Nd6 36. Rd7 Re6 37. Ra7 Ke8 38. Ra3 c5 39. Rd3 Re4 40. Kg2 c4 41. Rd2 Kd7 42. f3 Rf4 43. Kg3 g5 44. h4 h6 45. hxg5 hxg5 46. a3 Kc6 47. Rc2 Kd5 48. Kf2 Nb5 49. a4 d3 50. Rc1 Nd4 51. a5 Rxf3+ 52. Kg2 Rf4 53. a6 Nc6 54. Kg3 Re4 55. Rf1 Re7 56. Rd1 Kd4 0-1

[Event "Orlova op 7th"]
[Site "Orlova"]
[Date "2010.05.22"]
[Round "1"]
[White "Hrtanek, Jiri"]
[Black "Ochmyt, Jakub"]
[Result "1-0"]
[WhiteElo "2077"]
[BlackElo "1320"]
[PlyCount "47"]
[EventDate "2010.05.22"]
[EventType "swiss"]
[EventRounds "7"]
[EventCountry "CZE"]
[SourceTitle "EXT 2012"]
[Source "ChessBase"]
[SourceDate "2011.11.24"]
[SourceVersion "1"]
[SourceVersionDate "2011.11.24"]
[SourceQuality "1"]

1. d4 Nf6 2. Nf3 e6 3. Bf4 c5 4. e3 d5 5. c3 cxd4 6. exd4 Nc6 7. Nbd2 Be7 8. Bd3 0-0 9. 0-0 Bd7 10. Qe2 a6 11. Ne5 Nxe5 12. dxe5 Ne8 13. c4 Nc7 14. Rad1 Bc6 15. Nf3 h6 16. Bb1 f6 17. exf6 Rxf6 18. Be5 Rf7 19. Bg6 Rf8 20. Bc2 Rf7 21. Qd3 Bf6 22. Rfe1 Bxe5 23. Nxe5 Re7 24. Qh7+ 1-0

[Event "Orlova op 4th"]
[Site "Orlova"]
[Date "2007.05.27"]
[Round "9"]
[White "Hrtanek, Jiri"]
[Black "Gil, Karel"]
[Result "1-0"]
[WhiteElo "2156"]
[BlackElo "1988"]
[PlyCount "47"]
[EventDate "2007.05.19"]
[EventType "swiss"]
[EventRounds "9"]
[EventCountry "CZE"]
[SourceTitle "EXT 2012"]
[Source "ChessBase"]
[SourceDate "2011.11.24"]
[SourceVersion "1"]
[SourceVersionDate "2011.11.24"]
[SourceQuality "1"]

1. d4 d5 2. Nf3 Nf6 3. Bf4 e6 4. e3 Bd6 5. Ne5 c5 6. c3 Nc6 7. Nd2 Bxe5 8. dxe5 Nd7 9. Qg4 g5 10. Qxg5 Qxg5 11. Bxg5 Ncxe5 12. f4 Ng6 13. Bh6 Rg8 14. 0-0-0 b6 15. e4 Bb7 16. exd5 Bxd5 17. Nc4 Nh4 18. Bg5 Nf5 19. g4 Bxh1 20. gxf5 f6 21. fxe6 fxg5 22. Rxd7 Rg6 23. Nd6+ Kf8 24. e7+ 1-0

[Event "Orlova op 4th"]
[Site "Orlova"]
[Date "2007.05.25"]
[Round "7"]
[White "Hrtanek, Jiri"]
[Black "Snyta, Zdenek"]
[Result "0-1"]
[WhiteElo "2156"]
[BlackElo "2090"]
[PlyCount "198"]
[EventDate "2007.05.19"]
[EventType "swiss"]
[EventRounds "9"]
[EventCountry "CZE"]
[SourceTitle "EXT 2012"]
[Source "ChessBase"]
[SourceDate "2011.11.24"]
[SourceVersion "1"]
[SourceVersionDate "2011.11.24"]
[SourceQuality "1"]

1. d4 e6 2. c4 f5 3. g3 Nf6 4. Bg2 d6 5. Nc3 Be7 6. Qb3 c6 7. Nf3 0-0 8. 0-0 h6 9. Rd1 Qb6 10. Qc2 Na6 11. a3 Qd8 12. b4 Nc7 13. e4 fxe4 14. Nxe4 Qe8 15. Bf4 Nxe4 16. Qxe4 g5 17. Be3 Qf7 18. Qc2 Qf5 19. Qb3 a5 20. bxa5 Qxa5 21. Nd2 Ne8 22. Qd3 Qf5 23. Be4 Qf7 24. Rf1 Nf6 25. Bg2 Qh7 26. Qc3 Ng4 27. h3 Nxe3 28. fxe3 Rxf1+ 29. Rxf1 d5 30. c5 Bd8 31. Nf3 Bc7 32. Ne5 Bxe5 33. dxe5 Ra4 34. Qb3 Rc4 35. Rf6 Rxc5 36. Qd1 Bd7 37. Qh5 Rc1+ 38. Kh2 Rc2 39. Rg6+ Kf8 40. Qf3+ Ke8 41. Qf6 Rf2 42. Qxf2 Qxg6 43. Qb2 Bc8 44. e4 Qg7 45. a4 h5 46. a5 h4 47. Qc3 Qc7 48. exd5 exd5 49. Bxd5 hxg3+ 50. Kxg3 Qh7 51. Bg2 Qh4+ 52. Kh2 Qf4+ 53. Kh1 Bd7 54. Qc5 Qd2 55. a6 bxa6 56. Bxc6 a5 57. Bf3 Bxh3 58. Bh5+ Kd8 59. Qb6+ Kd7 60. Qb5+ Kd8 61. Qb6+ Kd7 62. Qb5+ Kd8 63. Qb6+ Ke7 64. Qc5+ Ke6 65. Qc8+ Qd7 66. Qg8+ Kf5 67. Bg6+ Kxe5 68. Qh8+ Kf4 69. Qb8+ Kg4 70. Qb1 Qd2 71. Bf5+ Kh4 72. Bxh3 Kxh3 73. Qf5+ Kg3 74. Qe5+ Kh3 75. Qf5+ Kg3 76. Qe5+ Kh4 77. Qh8+ Kg4 78. Qc8+ Kf3 79. Qf5+ Ke2 80. Qg4+ Kd3 81. Qd7+ Kc3 82. Qg7+ Kb3 83. Qf7+ Kb2 84. Qf6+ Qc3 85. Qb6+ Ka3 86. Qd6+ Kb2 87. Qb6+ Qb4 88. Qf2+ Kb3 89. Qe3+ Qc3 90. Qe6+ Kb2 91. Qb6+ Ka2 92. Qe6+ Qb3 93. Qe2+ Qb2 94. Qc4+ Kb1 95. Qe4+ Qc2 96. Qb7+ Kc1 97. Qb5 Qd1+ 98. Kg2 a4 99. Kg3 Qb3+ 0-1

[Event "Orlova op 4th"]
[Site "Orlova"]
[Date "2007.05.22"]
[Round "4"]
[White "Hrtanek, Jiri"]
[Black "Helis, Tadeusz"]
[Result "0-1"]
[WhiteElo "2156"]
[BlackElo "2312"]
[PlyCount "228"]
[EventDate "2007.05.19"]
[EventType "swiss"]
[EventRounds "9"]
[EventCountry "CZE"]
[SourceTitle "EXT 2012"]
[Source "ChessBase"]
[SourceDate "2011.11.24"]
[SourceVersion "1"]
[SourceVersionDate "2011.11.24"]
[SourceQuality "1"]

1. e4 c5 2. Nc3 g6 3. f4 Bg7 4. Nf3 Nc6 5. Bb5 Nd4 6. Bd3 Nf6 7. Nxd4 cxd4 8. Ne2 0-0 9. Nxd4 Nxe4 10. Bxe4 Bxd4 11. c3 Bg7 12. d4 d6 13. 0-0 Rb8 14. Be3 b5 15. a3 a5 16. Qd2 f5 17. Bf3 d5 18. Rfe1 e6 19. Rec1 Rf7 20. Be2 Bf8 21. Bd3 Qb6 22. Kh1 Bb7 23. Bf2 Rc7 24. Qe2 Bc8 25. Be3 Bg7 26. Qf2 Bd7 27. h3 Rbc8 28. Bf1 b4 29. axb4 axb4 30. Qd2 Bf8 31. Ra6 bxc3 32. bxc3 Qb3 33. Raa1 Rxc3 34. Rxc3 Rxc3 35. Bg1 Rc2 36. Qa5 Qb2 37. Qa7 Be8 38. Qa6 Bc6 39. Re1 Bd7 40. Rxe6 Rc1 41. Re5 Qa1 42. Qxa1 Rxa1 43. Rxd5 Bc6 44. Bc4 Bxd5 45. Bxd5+ Kg7 46. Kh2 Bd6 47. g3 Bc7 48. Be3 Bb6 49. g4 Rd1 50. Bc4 Re1 51. Bf2 Rc1 52. Bd5 fxg4 53. hxg4 Rd1 54. Bf3 Rd2 55. Kg3 Bxd4 56. Be1 Rd3 57. Kg2 Be3 58. Be4 Rb3 59. Bd5 Rb2+ 60. Kf3 Bd2 61. Bf2 Rb4 62. Bg3 Ra4 63. f5 Ra3+ 64. Kg2 Bc3 65. fxg6 hxg6 66. Bd6 Ra5 67. Bc4 Be5 68. Be7 Ra7 69. Bh4 Ra3 70. Be2 Kh6 71. Be7 Ra2 72. Kf3 Ra7 73. Bc5 Rf7+ 74. Kg2 g5 75. Bd3 Rd7 76. Bf5 Rd2+ 77. Kf3 Rh2 78. Ke4 Bf6 79. Kd5 Kg7 80. Be3 Re2 81. Bb6 Re5+ 82. Kc4 Re1 83. Ba5 Ra1 84. Bb6 Kf7 85. Bc5 Ke8 86. Bg6+ Kd8 87. Bb6+ Kd7 88. Bc5 Ke6 89. Bb6 Rc1+ 90. Kd3 Kd5 91. Be4+ Kd6 92. Be3 Rc3+ 93. Ke2 Ra3 94. Bf5 Kd5 95. Bb6 Be5 96. Be3 Bf4 97. Bb6 Rb3 98. Bd8 Rb8 99. Bf6 Re8+ 100. Kf2 Kc4 101. Bg6 Ra8 102. Bf7+ Kd3 103. Bg6+ Kd2 104. Bf5 Re8 105. Bg7 Kd1 106. Bd4 Kd2 107. Kf3 Ke1 108. Bb6 Ra8 109. Bf2+ Kd1 110. Bc5 Ra4 111. Bb6 Ra3+ 112. Kg2 Ke2 113. Bc5 Rg3+ 114. Kh1 Kf1 0-1